|
|
|
|
| LEADER |
01653nam a2200325 4500 |
| 001 |
32899 |
| 003 |
BD-DhAAL |
| 005 |
20180715105237.0 |
| 008 |
180329t2017 bg a|||| b||| 001 0dben d |
| 999 |
|
|
|c 39169
|d 39169
|
| 020 |
|
|
|a 9789847763729 (vol-l)
|
| 020 |
|
|
|a 9789847763781 (set)
|
| 040 |
|
|
|a BD-DhAAL
|
| 041 |
|
|
|a BEN
|
| 082 |
|
|
|a 891.44
|2 21
|
| 100 |
|
|
|a দাশ, জীবনানন্দ
|9 25278
|
| 245 |
|
|
|a জীবনানন্দ-রচনাবলী :
|n প্রথম খন্ড
|c জীবনানন্দ দাশ,
|
| 246 |
|
|
|a Jibanananda-rachanabali vol-I :
|b a compilation of literary works of jibanananda das
|
| 260 |
|
|
|a ঢাকা :
|b ঐতিহ্য,
|c c২০১৭
|
| 300 |
|
|
|a ৭৭৪ পৃষ্ঠা ;
|b চিত্র ;
|c ২১ সে. মি.
|
| 362 |
|
|
|a প্রথম খন্ড
|
| 504 |
|
|
|6 বিবলিওগ্রাফী ও ইনডেক্স অন্তর্ভূক্ত
|
| 526 |
|
|
|a OCA
|
| 541 |
|
|
|a Office Of Co-Carricular Activities
|e 32899,32959
|
| 600 |
|
|
|a দাশ, জীবনানন্দ,
|d ১৮৯৯-১৯৫৪.
|9 25420
|
| 650 |
|
|
|a Bengeli literature
|9 25435
|
| 852 |
|
|
|a Ayesha Abed Library
|c General Stacks
|
| 942 |
|
|
|2 ddc
|c BK
|
| 952 |
|
|
|0 0
|1 0
|2 ddc
|4 0
|6 891_440000000000000_DAS
|7 0
|9 63006
|a BRACUL
|b BRACUL
|c GEN
|d 2018-03-29
|e Office of Co-Curricular Activities
|g 750.00
|l 8
|m 49
|o 891.44 DAS
|p 3010032899
|r 2025-12-23
|s 2025-04-26
|t 1
|v 750.00
|w 2018-03-29
|y BK
|
| 952 |
|
|
|0 0
|1 0
|2 ddc
|4 0
|6 891_440000000000000_DAS
|7 0
|9 63120
|a BRACUL
|b BRACUL
|c GEN
|d 2018-04-11
|e Oitijjhay
|g 750.00
|l 13
|m 90
|o 891.44 DAS
|p 3010032959
|r 2025-06-17
|s 2024-10-06
|t 2
|v 750.00
|w 2018-04-11
|y BK
|